[Event "13sen.WMH 2003 Senioren"]
[Site "Bad Zwischenahn(17.11.-29.11.2003)"]
[Date "2003.11.29"]
[Round "11.77"]
[White "Schwarz, Werner[40Fürth]"]
[Black "Gudat, Alfons"]
[Result "0-1"]
[WhiteElo "1725"]
[BlackElo "1986"]
[PlyCount "94"]


1. e4 c5 2. Nf3 Nc6 3. d4 cxd4 4. Nxd4 e5 5. Nb5 d6 6. N1c3 a6 7. Na3 b5 8. Nd5
Nf6 9. Bg5 Be7 10. Bxf6 Bxf6 11. c3 O-O 12. Nc2 Bg5 13. Nce3 Be6 14. Bd3 Ne7
15. O-O Bxd5 16. Nxd5 Nxd5 17. exd5 f5 18. g3 e4 19. Be2 f4 20. Bg4 Qf6 21. Qc2
Qe5 22. Be6+ Kh8 23. Rae1 e3 24. fxe3 fxg3 25. Kh1 gxh2 26. Rf5 Rxf5 27. Qxf5
Qxf5 28. Bxf5 Rf8 29. Bd3 g6 30. Re2 Rf1+ 31. Kxh2 Rd1 32. Be4 Kg7 33. Bf3 Bf6
34. Kg2 Ra1 35. a3 h5 36. e4 Kh6 37. Rf2 Be5 38. Be2 g5 39. c4 bxc4 40. Bxc4 a5
41. Bb5 g4 42. Bd7 Rb1 43. a4 Bd4 44. Re2 Kg5 45. Rd2 Be5 46. Rf2 Bf4 47. Rc2
h4 0-1

[Event "13sen.WMH 2003 Senioren"]
[Site "Bad Zwischenahn(17.11.-29.11.2003)"]
[Date "2003.11.29"]
[Round "11.78"]
[White "Kerkhoff, Werner"]
[Black "Trifunovic, Dusan"]
[Result "1/2-1/2"]
[WhiteElo "1691"]
[BlackElo "1869"]
[PlyCount "115"]


1. c4 e5 2. g3 Nf6 3. Bg2 d6 4. Nc3 Be7 5. e4 Be6 6. d3 Nc6 7. Nge2 Qd7 8. O-O
Bh3 9. f3 Bxg2 10. Kxg2 h6 11. Be3 Nd8 12. d4 exd4 13. Nxd4 Ne6 14. Nf5 Bf8 15.
Qd2 Ng8 16. Ne2 g6 17. Nfd4 Bg7 18. Nxe6 Qxe6 19. Rac1 Ne7 20. Bd4 O-O 21. Nf4
Qd7 22. Bxg7 Kxg7 23. Rfd1 Nc8 24. b3 Re8 25. Qc3+ f6 26. Qc2 Qf7 27. Qd3 a5
28. Qd5 c6 29. Qxf7+ Kxf7 30. a4 b6 31. Rd2 Ra7 32. Ne2 Rc7 33. Nd4 Rd8 34.
Rcc2 Ne7 35. f4 Nc8 36. Kf3 Re8 37. Re2 Na7 38. Rcd2 c5 39. Nb5 Nxb5 40. axb5
Re6 41. f5 gxf5 42. exf5 Rxe2 43. Rxe2 a4 44. bxa4 Ra7 45. Re6 Rxa4 46. Rxd6
Rxc4 47. Rxb6 Rb4 48. Rb7+ Ke8 49. Rh7 Rxb5 50. Rxh6 Ke7 51. Ke4 c4 52. Kd4
Rxf5 53. Kxc4 Kf7 54. Rh4 Ra5 55. Kd3 Kg6 56. Rd4 Ra2 57. Rh4 f5 58. Ke3
1/2-1/2

[Event "13sen.WMH 2003 Senioren"]
[Site "Bad Zwischenahn(17.11.-29.11.2003)"]
[Date "2003.11.29"]
[Round "11.79"]
[White "Wulf, Adalbert"]
[Black "Loesche, Heinz"]
[Result "1/2-1/2"]
[WhiteElo "1800"]
[BlackElo "1784"]
[PlyCount "35"]


1. d4 e6 2. Nf3 Nf6 3. c4 Bb4+ 4. Nc3 Ne4 5. Qb3 c5 6. e3 Qa5 7. Bd2 Nxd2 8.
Nxd2 cxd4 9. exd4 Nc6 10. Nf3 Bxc3+ 11. bxc3 d6 12. Be2 O-O 13. O-O Qc7 14. Qc2
Na5 15. Bd3 f5 16. Qe2 b6 17. Rfe1 Rf6 18. g4 1/2-1/2

[Event "13sen.WMH 2003 Senioren"]
[Site "Bad Zwischenahn(17.11.-29.11.2003)"]
[Date "2003.11.29"]
[Round "11.80"]
[White "Schlag, Franz"]
[Black "Postel, Richard"]
[Result "1-0"]
[WhiteElo "1976"]
[BlackElo "1690"]
[PlyCount "113"]


1. e4 c5 2. Bc4 d6 3. Nc3 e6 4. f4 a6 5. a4 g6 6. Nf3 Bg7 7. O-O Nc6 8. d3 Nge7
9. Qe1 O-O 10. Kh1 d5 11. Bb3 b6 12. Qg3 Bb7 13. Qh3 Nd4 14. Ra3 Nxf3 15. gxf3
Qd6 16. Ne2 b5 17. c3 c4 18. Bc2 f5 19. e5 Qd7 20. d4 Nc6 21. Bd2 Qe7 22. Be1
Rf7 23. Rg1 b4 24. Ra1 b3 25. Bd1 Qe8 26. Bh4 Rd7 27. Bg5 Qf7 28. Qh4 Bh8 29.
Rg3 Ne7 30. Rh3 Rf8 31. Ng3 Nc6 32. Be2 Qe8 33. Rg1 Rff7 34. Bh6 Qe7 35. Bg5
Qf8 36. Bf1 Rc7 37. Ne2 Na7 38. Bd8 Rcd7 39. Ba5 Nc8 40. Bb4 Qg7 41. Ba3 Ne7
42. Ng3 g5 43. fxg5 Qg6 44. f4 Kf8 45. Qh6+ Ke8 46. Be2 Kd8 47. Bxe7+ Rdxe7 48.
Qxg6 hxg6 49. Rxh8+ Kc7 50. h4 Rh7 51. Rxh7 Rxh7 52. h5 Bc6 53. Kg2 gxh5 54.
Nxh5 Bxa4 55. g6 Rh8 56. g7 Rg8 57. Kf2 1-0

[Event "13sen.WMH 2003 Senioren"]
[Site "Bad Zwischenahn(17.11.-29.11.2003)"]
[Date "2003.11.29"]
[Round "11.81"]
[White "Ahlberg, Guenter"]
[Black "Dziura, Dieter"]
[Result "1-0"]
[WhiteElo "1932"]
[BlackElo "1800"]
[PlyCount "31"]


1. e4 c5 2. Nf3 a6 3. c3 d5 4. exd5 Qxd5 5. d4 e6 6. Be2 Nf6 7. O-O cxd4 8.
cxd4 Be7 9. Nc3 Qd8 10. Ne5 O-O 11. Bf3 Nd5 12. Qb3 Nb6 13. Be3 Bd6 14. Rfd1 f6
15. Nd3 Kh8 16. Nc5 1-0

[Event "13sen.WMH 2003 Senioren"]
[Site "Bad Zwischenahn(17.11.-29.11.2003)"]
[Date "2003.11.29"]
[Round "11.82"]
[White "Rettler, Heinz"]
[Black "Bredendick, Franz"]
[Result "1/2-1/2"]
[WhiteElo "1879"]
[BlackElo "1792"]
[PlyCount "99"]


1. e4 c5 2. Nf3 Nc6 3. d4 cxd4 4. Nxd4 a6 5. Be3 g6 6. Nc3 Bg7 7. Be2 d6 8. Qd2
h5 9. O-O Nf6 10. f3 Bd7 11. Rad1 Rc8 12. Kh1 Ne5 13. Bd3 Nc4 14. Bxc4 Rxc4 15.
Nce2 Qc8 16. c3 b5 17. Rc1 O-O 18. Bh6 Kh7 19. Bxg7 Kxg7 20. a3 Qb8 21. Nc2 a5
22. Ne3 Rc7 23. Nd5 Nxd5 24. Qxd5 Be6 25. Qd4+ f6 26. Rfe1 Bf7 27. Qd2 Rfc8 28.
g3 Rc5 29. Kg2 Qb7 30. Nf4 g5 31. Nd3 R5c7 32. h3 Bg6 33. Nf2 Rc4 34. Qe3 Qc7
35. Nd3 e6 36. Rcd1 g4 37. hxg4 hxg4 38. Nf4 Re8 39. Nxg6 Kxg6 40. Rh1 gxf3+
41. Kxf3 Qg7 42. Rxd6 Rh8 43. Rxh8 Qxh8 44. Rxe6 Qh1+ 45. Kf2 Qh2+ 46. Ke1 Qxb2
47. e5 Qb1+ 48. Kd2 Qb2+ 49. Ke1 Qb1+ 50. Kd2 1/2-1/2

[Event "13sen.WMH 2003 Senioren"]
[Site "Bad Zwischenahn(17.11.-29.11.2003)"]
[Date "2003.11.29"]
[Round "11.83"]
[White "Roth, Reinhard"]
[Black "Aigner, Georg"]
[Result "1-0"]
[WhiteElo "1827"]
[BlackElo "1806"]
[PlyCount "39"]


1. e4 e5 2. d4 exd4 3. Qxd4 Nc6 4. Qe3 b6 5. Nc3 Bc5 6. Qg3 Bd4 7. Bd2 Nge7 8.
O-O-O Ng6 9. Nge2 Qf6 10. Nxd4 Nxd4 11. Nd5 Qc6 12. Bc3 Ne6 13. f4 Ngxf4 14.
Nxf4 Qxe4 15. Nxe6 fxe6 16. Bd3 Qa4 17. Qxg7 Rf8 18. Rhf1 Rf4 19. Qg8+ Ke7 20.
Qg5+ 1-0

[Event "13sen.WMH 2003 Senioren"]
[Site "Bad Zwischenahn(17.11.-29.11.2003)"]
[Date "2003.11.29"]
[Round "11.84"]
[White "Michaelis, Ernst"]
[Black "Fehres, Werner"]
[Result "1-0"]
[WhiteElo "1820"]
[BlackElo "1788"]
[PlyCount "85"]


1. e4 d6 2. d4 Nd7 3. Nf3 c6 4. c4 e5 5. d5 c5 6. Bd3 Be7 7. Nc3 Ngf6 8. O-O h6
9. h3 g5 10. Nh2 Nf8 11. Be2 Ng6 12. Ng4 Nf4 13. Nxf6+ Bxf6 14. Bg4 h5 15. Bxc8
Qxc8 16. Kh2 g4 17. h4 Qd8 18. g3 Ng6 19. Rh1 Qe7 20. Qa4+ Kf8 21. Nd1 Bxh4 22.
Ne3 Bf6 23. Nf5 Qc7 24. Kg2 Bg7 25. Be3 Kg8 26. Qd1 Ne7 27. Nxg7 Kxg7 28. f4 f6
29. fxe5 fxe5 30. Rxh5 Rxh5 31. Qxg4+ Ng6 32. Qxh5 Rh8 33. Qg4 Qc8 34. Qxc8
Rxc8 35. Rh1 a6 36. Bh6+ Kg8 37. Kf3 b5 38. Kg4 Rc7 39. Kf5 Ne7+ 40. Ke6 Nc8
41. Bg5 Rh7 42. Rxh7 Kxh7 43. Bd8 1-0

[Event "13sen.WMH 2003 Senioren"]
[Site "Bad Zwischenahn(17.11.-29.11.2003)"]
[Date "2003.11.29"]
[Round "11.85"]
[White "Josting, Friedel"]
[Black "Fiedler, Eduard"]
[Result "1/2-1/2"]
[WhiteElo "1866"]
[BlackElo "1734"]
[PlyCount "98"]


1. c4 g6 2. Nc3 Bg7 3. g3 e5 4. Bg2 c6 5. d3 Ne7 6. e4 O-O 7. Nge2 d6 8. O-O h6
9. Be3 Nd7 10. Qd2 Kh7 11. Rad1 Ng8 12. d4 a6 13. f4 Qe7 14. b3 b5 15. c5 dxc5
16. dxe5 a5 17. Qe1 a4 18. Qf2 a3 19. Rd2 c4 20. Nc1 Ba6 21. Rfd1 Rfd8 22. Bh3
Nf8 23. Bc5 Rxd2 24. Rxd2 Qb7 25. b4 Ne6 26. f5 Ng5 27. Bg2 Bxe5 28. N3e2 c3
29. Rd3 Nf6 30. Nf4 gxf5 31. exf5 Qc8 32. Qe2 Qxf5 33. Bxc6 Rg8 34. Nd5 Nxd5
35. Bxd5 Rg7 36. h4 Nh3+ 37. Kh1 Rxg3 38. Be4 Bb7 39. Bxb7 Qf4 40. Qe4+ f5 41.
Rd7+ Bg7 42. Qxf4 Nxf4 43. Bd4 Ne6 44. Bxg7 Rxg7 45. Rxg7+ Kxg7 46. Kg2 Kf6 47.
Nb3 Ke5 48. Kf2 Nd4 49. Nc1 Nc2 1/2-1/2

[Event "13sen.WMH 2003 Senioren"]
[Site "Bad Zwischenahn(17.11.-29.11.2003)"]
[Date "2003.11.29"]
[Round "11.86"]
[White "Thielemann, Joachim"]
[Black "Wanner, Georges"]
[Result "1-0"]
[WhiteElo "1838"]
[BlackElo "1680"]
[PlyCount "67"]


1. e4 c5 2. Nc3 d6 3. g3 Nf6 4. Bg2 g6 5. Nge2 Bg7 6. d3 O-O 7. O-O Nc6 8. h3
Bd7 9. Rb1 Qc8 10. Kh2 e6 11. Bf4 e5 12. Bg5 Ne7 13. Qd2 b5 14. b3 b4 15. Nd1
h5 16. f4 Kh7 17. Ne3 Neg8 18. Nc4 Ne8 19. f5 gxf5 20. exf5 f6 21. Bxa8 Qxa8
22. Be3 Nh6 23. Bxh6 Bxh6 24. Qe1 d5 25. Nd2 Ng7 26. g4 Rg8 27. Nf3 hxg4 28.
hxg4 Bxf5 29. gxf5 Nxf5 30. Nh4 Ne3 31. Rg1 Ng4+ 32. Rxg4 Rxg4 33. Qf2 Bg5 34.
Qf5+ 1-0

[Event "13sen.WMH 2003 Senioren"]
[Site "Bad Zwischenahn(17.11.-29.11.2003)"]
[Date "2003.11.29"]
[Round "11.87"]
[White "Jakobsen, Henning"]
[Black "Bakalarczyk, Wlodzimierz"]
[Result "0-1"]
[WhiteElo "1634"]
[BlackElo "1905"]
[PlyCount "52"]


1. f4 d5 2. Nf3 Nf6 3. e3 g6 4. b3 Bg7 5. Bb2 O-O 6. g3 Na6 7. Bg2 Bf5 8. O-O
c6 9. d3 Qb6 10. d4 Nb4 11. Na3 a5 12. Ne5 Rad8 13. c3 Na6 14. c4 Be4 15. c5
Qc7 16. Nc2 Bxg2 17. Kxg2 Ne4 18. Nf3 Naxc5 19. Re1 Nd7 20. Rc1 Ra8 21. Re2
Ndf6 22. Na3 Nd6 23. Rec2 Nfe4 24. Qd3 Qd7 25. Nb1 Qf5 26. Ba3 Nxg3 0-1

[Event "13sen.WMH 2003 Senioren"]
[Site "Bad Zwischenahn(17.11.-29.11.2003)"]
[Date "2003.11.29"]
[Round "11.88"]
[White "Schwichtenberg, Juergen"]
[Black "Glaser, Heinz-Alfred"]
[Result "1/2-1/2"]
[WhiteElo "1671"]
[BlackElo "1683"]
[PlyCount "45"]


1. b4 a6 2. Bb2 Nc6 3. a3 e5 4. c4 d6 5. e3 Nf6 6. Nf3 Bg4 7. Be2 e4 8. Nd4
Nxd4 9. Bxg4 Nxg4 10. Bxd4 Ne5 11. O-O Qg5 12. Bxe5 dxe5 13. Qa4+ c6 14. b5 Qg6
15. Nc3 Bc5 16. bxc6 bxc6 17. Qc2 f5 18. Na4 Ba7 19. c5 O-O 20. Qc4+ Qf7 21.
Rfc1 Qxc4 22. Rxc4 Rfd8 23. Ra2 1/2-1/2

[Event "13sen.WMH 2003 Senioren"]
[Site "Bad Zwischenahn(17.11.-29.11.2003)"]
[Date "2003.11.29"]
[Round "11.89"]
[White "Filzmaier, Bruno"]
[Black "Weyand, Fernand"]
[Result "1/2-1/2"]
[WhiteElo "1784"]
[BlackElo "1705"]
[PlyCount "37"]


1. a3 e5 2. e3 Nf6 3. d4 exd4 4. exd4 d5 5. Bd3 Bd6 6. Nf3 O-O 7. O-O Bg4 8.
Bg5 Nbd7 9. Nbd2 c6 10. c3 Qc7 11. Qc2 Rfe8 12. Rfe1 Bf4 13. h3 Bxf3 14. Nxf3
h6 15. Bxf4 Qxf4 16. Qd2 Qxd2 17. Nxd2 Kf8 18. Kf1 Rxe1+ 19. Rxe1 1/2-1/2

[Event "13sen.WMH 2003 Senioren"]
[Site "Bad Zwischenahn(17.11.-29.11.2003)"]
[Date "2003.11.29"]
[Round "11.90"]
[White "Zeh, Helmut"]
[Black "Moeckel, Edgar,Dr."]
[Result "1/2-1/2"]
[WhiteElo "1757"]
[BlackElo "1805"]
[PlyCount "29"]


1. d4 d5 2. c4 e6 3. Nc3 Be7 4. e3 Nf6 5. Nf3 c6 6. Qc2 Nbd7 7. Bd3 dxc4 8.
Bxc4 O-O 9. O-O b5 10. Bd3 a6 11. Ne5 Bb7 12. a3 c5 13. Nxd7 Qxd7 14. dxc5 Bxc5
15. b4 1/2-1/2

[Event "13sen.WMH 2003 Senioren"]
[Site "Bad Zwischenahn(17.11.-29.11.2003)"]
[Date "2003.11.29"]
[Round "11.91"]
[White "Bitzer, Dieter"]
[Black "Fries, Karl-Heinz"]
[Result "1-0"]
[WhiteElo "1735"]
[BlackElo "1744"]
[PlyCount "89"]


1. e4 d5 2. exd5 Qxd5 3. Nc3 Qa5 4. d4 Nf6 5. Nf3 Ne4 6. a4 Nxc3 7. bxc3 Qxc3+
8. Bd2 Qb2 9. Bc4 e6 10. Bb3 Nc6 11. Ra2 Qxa2 12. Bxa2 Nb4 13. Bb3 Bd6 14. c4
c5 15. O-O O-O 16. dxc5 Bxc5 17. Qb1 a5 18. Ng5 g6 19. Ne4 Be7 20. Bh6 f5 21.
Bxf8 Kxf8 22. Nc3 Bd7 23. Nb5 Rc8 24. Rd1 Bc6 25. Qb2 Kf7 26. Nd6+ Bxd6 27.
Rxd6 Re8 28. h3 Na6 29. Qd4 Nc7 30. Rd8 e5 31. Qd2 Re7 32. c5+ Kg7 33. Rg8+ Kf6
34. Qd6+ Ne6 35. Bxe6 Rxe6 36. Qf8+ Kg5 37. h4+ Kf4 38. Qh6+ Ke4 39. Qe3+ Kd5
40. Rd8+ Kc4 41. Rd1 Bxa4 42. Qd3+ Kb4 43. Rc1 Bb3 44. Qc3+ Kb5 45. Qxb3+ 1-0

[Event "13sen.WMH 2003 Senioren"]
[Site "Bad Zwischenahn(17.11.-29.11.2003)"]
[Date "2003.11.29"]
[Round "11.92"]
[White "Ristic, Sreten"]
[Black "Fleischer, Martin"]
[Result "1-0"]
[WhiteElo "1772"]
[BlackElo "1681"]
[PlyCount "122"]


1. e4 e6 2. d4 d5 3. Nc3 dxe4 4. Nxe4 Nf6 5. Bg5 Be7 6. Nxf6+ Bxf6 7. Bxf6 Qxf6
8. Nf3 O-O 9. Bd3 g6 10. Qe2 Nd7 11. O-O-O c6 12. Kb1 Nb6 13. g4 Nd5 14. g5 Qd8
15. h4 Nf4 16. Qe4 Nh5 17. Ne5 Qd5 18. Qe3 Ng7 19. Bc4 Nf5 20. Qf4 Qd6 21. h5
Ng7 22. hxg6 fxg6 23. Qh4 Nh5 24. Qe4 Rf5 25. Qe3 Kg7 26. Rh4 c5 27. Re4 b5 28.
Be2 c4 29. Rh4 Bb7 30. Bg4 Raf8 31. Bxf5 Rxf5 32. f3 Bd5 33. Rdh1 b4 34. Qe2 c3
35. Rxh5 gxh5 36. Rxh5 Bxa2+ 37. Kxa2 Qxd4 38. Nc4 Qd5 39. Qe4 Qd7 40. bxc3
bxc3 41. Kb3 Qb5+ 42. Kxc3 Qd7 43. Rh6 Qd1 44. Qb7+ Kf8 45. Qb8+ Kg7 46. Qxa7+
Kf8 47. Rf6+ Rxf6 48. gxf6 Qxf3+ 49. Kd2 Qd5+ 50. Kc3 Qf3+ 51. Kb4 Qxf6 52.
Qxh7 Qf1 53. Qe4 Ke7 54. Kc5 Qf2+ 55. Ne3 Qg1 56. Kc6 Qh2 57. Nd5+ Kd8 58. Nf4
e5 59. Nd5 Qh6+ 60. Kc5 Qf8+ 61. Kc6 Qh6+ 1-0

[Event "13sen.WMH 2003 Senioren"]
[Site "Bad Zwischenahn(17.11.-29.11.2003)"]
[Date "2003.11.29"]
[Round "11.93"]
[White "Suchsland, Helmut,Dr."]
[Black "Knab, Horst"]
[Result "0-1"]
[WhiteElo "1724"]
[BlackElo "1541"]
[PlyCount "125"]


1. e4 g6 2. d4 Bg7 3. Nc3 d6 4. Be3 Nf6 5. Be2 Nbd7 6. f4 b6 7. e5 dxe5 8. fxe5
Ng8 9. Bf3 Rb8 10. Bc6 Nh6 11. Nf3 O-O 12. O-O Nf5 13. Bf2 e6 14. Be4 Ba6 15.
Re1 h6 16. b4 Qe7 17. b5 Bb7 18. Bxb7 Rxb7 19. g4 Qb4 20. Qd2 Ne7 21. Rab1 Qc4
22. a3 Nd5 23. Ne4 Rbb8 24. Be3 Kh7 25. Rb3 f5 26. exf6 N7xf6 27. Nxf6+ Nxf6
28. Ne5 Qd5 29. g5 Ne4 30. Qg2 Rf5 31. gxh6 Bxe5 32. dxe5 Nc5 33. Rbb1 Rd8 34.
Qg4 Qxe5 35. Rb4 Qc3 36. Qe2 e5 37. Rc4 Qxa3 38. Bc1 Qh3 39. Qg2 Qxg2+ 40. Kxg2
Rdf8 41. Re2 R8f7 42. Be3 Ne6 43. Ra4 Nf4+ 44. Bxf4 exf4 45. Kf3 Kxh6 46. c4
Kh5 47. Rxa7 g5 48. h3 Kh4 49. Ra8 Rh7 50. Re7 Rh5 51. Rxc7 Kxh3 52. Rg7 Re5
53. Ra3 Kh4 54. Rg6 Re1 55. Rc3 Rg1 56. Kf2 Rg3 57. Rc1 Kg4 58. Rg1 Rh2+ 59.
Kf1 Rxg1+ 60. Kxg1 Rc2 61. Rc6 Kg3 62. Kf1 Kf3 63. Ke1 0-1

[Event "13sen.WMH 2003 Senioren"]
[Site "Bad Zwischenahn(17.11.-29.11.2003)"]
[Date "2003.11.29"]
[Round "11.94"]
[White "Haug, Sverre"]
[Black "Glende, Siegfried"]
[Result "1-0"]
[WhiteElo "1856"]
[BlackElo "1763"]
[PlyCount "141"]


1. Nf3 Nf6 2. d4 g6 3. c4 Bg7 4. Nc3 d6 5. e4 O-O 6. Be2 Nbd7 7. O-O e5 8. Bg5
h6 9. Bxf6 Bxf6 10. Qd2 Bg7 11. Rad1 b6 12. Nd5 Bb7 13. Rfe1 c6 14. Ne3 exd4
15. Nxd4 Nf6 16. Bf3 Qc7 17. Ng4 Nxg4 18. Bxg4 Rad8 19. Qf4 Kh7 20. b3 h5 21.
Bh3 Qe7 22. Qg3 Be5 23. f4 Bf6 24. Nf3 Kh6 25. Qf2 Bc3 26. Re3 Bb4 27. Qb2 Bc5
28. Nd4 Bxd4 29. Qxd4 c5 30. Qd3 Qh4 31. Rf1 Rfe8 32. Qe2 Re7 33. g4 hxg4 34.
Bg2 Rde8 35. Qb2 Kh7 36. Rfe1 Kg8 37. Qc3 Qh8 38. Qxh8+ Kxh8 39. Kf2 Kg7 40. e5
dxe5 41. Bxb7 Rxb7 42. fxe5 Rbe7 43. Kg3 Kg8 44. Kf4 Re6 45. Kxg4 f5+ 46. Kg5
Kg7 47. h3 a6 48. a4 Rf8 49. Kf4 Rh8 50. Rd3 Rhe8 51. Rd5 Kh6 52. Re3 Rf8 53.
h4 Kh5 54. Rg3 Rfe8 55. Rg5+ Kh6 56. a5 Rc8 57. Rd6 Rc6 58. Rxe6 Rxe6 59. Rg1
bxa5 60. Rd1 Kg7 61. Rd7+ Kf8 62. Rc7 a4 63. bxa4 Rb6 64. a5 Rb1 65. Kg5 Ke8
66. Kf6 f4 67. e6 Kd8 68. e7+ Kxc7 69. e8=Q f3 70. Qe5+ Kd8 71. Qxc5 1-0

[Event "13sen.WMH 2003 Senioren"]
[Site "Bad Zwischenahn(17.11.-29.11.2003)"]
[Date "2003.11.29"]
[Round "11.95"]
[White "Fritsch, Juergen,Dr."]
[Black "Fischer, Paul[37Hiltrup]"]
[Result "1-0"]
[WhiteElo "1851"]
[BlackElo "1745"]
[PlyCount "59"]


1. d4 Na6 2. c4 c6 3. Bd2 e6 4. Qb3 Nc7 5. Nf3 Nf6 6. Nc3 d5 7. c5 g6 8. Ne5
Nd7 9. Nd3 Bg7 10. e3 e5 11. Ne2 Ne6 12. Bc3 exd4 13. exd4 Qh4 14. O-O-O Nxd4
15. Nxd4 Bxd4 16. Qb4 Qh6+ 17. Kb1 O-O 18. Qxd4 f6 19. Be2 b6 20. cxb6 axb6 21.
Bf3 Ba6 22. Bxd5+ Kh8 23. Bxc6 Bxd3+ 24. Qxd3 Nc5 25. Qf3 g5 26. Bxa8 Qg6+ 27.
Ka1 g4 28. Qc6 h5 29. h3 gxh3 30. Rxh3 1-0

[Event "13sen.WMH 2003 Senioren"]
[Site "Bad Zwischenahn(17.11.-29.11.2003)"]
[Date "2003.11.29"]
[Round "11.96"]
[White "Meinhardt, Guenther"]
[Black "Oser, Thor"]
[Result "1/2-1/2"]
[WhiteElo "1737"]
[BlackElo "1722"]
[PlyCount "107"]


1. Nf3 Nf6 2. c4 e6 3. e3 d5 4. d4 c5 5. cxd5 Nxd5 6. a3 Qb6 7. dxc5 Bxc5 8. b4
Be7 9. Bb2 Bf6 10. Qc2 O-O 11. Bd3 Bxb2 12. Qxb2 Bd7 13. Nbd2 Bb5 14. Bxb5 Qxb5
15. Nd4 Qd3 16. Qb3 Qxb3 17. N2xb3 Nd7 18. O-O Ne5 19. Na5 b6 20. Nac6 Nxc6 21.
Nxc6 Rfc8 22. b5 Kf8 23. a4 a6 24. e4 Nc3 25. Ne5 Ke8 26. f3 axb5 27. axb5 Rxa1
28. Rxa1 f6 29. Nd3 Rd8 30. Nf4 Ke7 31. Ra6 Rd6 32. Ra7+ Rd7 33. Ra6 Rb7 34.
Ra8 Nxb5 35. Rh8 Kd6 36. Rxh7 Ke5 37. Kf2 Kxf4 38. h4 Nd6 39. Rh5 f5 40. g3+
Ke5 41. Ke3 Kf6 42. Kd4 Nf7 43. g4 e5+ 44. Kd5 Rd7+ 45. Kc6 Rd6+ 46. Kc7 f4 47.
Rf5+ Ke6 48. Rxf7 b5 49. Rxg7 Rd3 50. Rg6+ Ke7 51. h5 Rxf3 52. g5 Rc3+ 53. Kb6
b4 54. h6 1/2-1/2

[Event "13sen.WMH 2003 Senioren"]
[Site "Bad Zwischenahn(17.11.-29.11.2003)"]
[Date "2003.11.29"]
[Round "11.97"]
[White "Schoerghuber, Kurt"]
[Black "Mayers_Lorien, Dan E."]
[Result "0-1"]
[WhiteElo "1702"]
[BlackElo "1997"]
[PlyCount "41"]


1. d4 e6 2. e4 d5 3. Nd2 Nc6 4. c3 dxe4 5. Nxe4 e5 6. d5 Nce7 7. c4 f5 8. Nc3
Nf6 9. Bd2 Ng6 10. Bd3 Bc5 11. Na4 Bd4 12. Qb3 Nh4 13. Bf1 f4 14. g3 fxg3 15.
hxg3 Nf5 16. Ne2 Nd6 17. Nac3 a5 18. Bg2 Bg4 19. O-O-O Bc5 20. a4 e4 21. Bg5
0-1

[Event "13sen.WMH 2003 Senioren"]
[Site "Bad Zwischenahn(17.11.-29.11.2003)"]
[Date "2003.11.29"]
[Round "11.98"]
[White "Neumann, Horst[38Koblenz]"]
[Black "Nolte, Wilhelm"]
[Result "1-0"]
[WhiteElo "1864"]
[BlackElo "1670"]
[PlyCount "108"]


1. d4 e6 2. Nf3 d5 3. Nbd2 Nf6 4. e3 c5 5. c3 Nc6 6. Bd3 Bd7 7. O-O cxd4 8.
exd4 Bd6 9. Re1 O-O 10. Nf1 h6 11. h3 Qc7 12. Bd2 Ne7 13. Rc1 a6 14. Ne5 Bb5
15. Bxb5 axb5 16. a3 Nd7 17. f4 Rae8 18. Qe2 f6 19. Nxd7 Qxd7 20. Qxe6+ Qxe6
21. Rxe6 Bb8 22. Rce1 Kf7 23. Rb6 Kg6 24. g4 Nc6 25. Rxe8 Rxe8 26. Kf2 Re7 27.
Rxb5 Rd7 28. f5+ Kf7 29. Kf3 Na7 30. Rb6 Nc6 31. Rb5 Na7 32. Ra5 Nc6 33. Ra4
Bc7 34. Bf4 Ba5 35. b4 Bb6 36. Ra8 Na7 37. a4 Nc6 38. a5 Bd8 39. Nd2 b6 40.
axb6 Bxb6 41. Nb3 Na7 42. Nc5 Bxc5 43. dxc5 d4 44. Bd6 g6 45. c4 Nc6 46. fxg6+
Kxg6 47. Ke4 Nxb4 48. Kxd4 Nc6+ 49. Kd5 Ra7 50. Rxa7 Nxa7 51. c6 Kf7 52. Bf4
Kg6 53. Kd6 Nc8+ 54. Kc7 Ne7 1-0

[Event "13sen.WMH 2003 Senioren"]
[Site "Bad Zwischenahn(17.11.-29.11.2003)"]
[Date "2003.11.29"]
[Round "11.99"]
[White "Gutknecht, Christa"]
[Black "Mueller, Heinz[41Sandersd]"]
[Result "1/2-1/2"]
[WhiteElo "1666"]
[BlackElo "1777"]
[PlyCount "120"]


1. d4 Nf6 2. Nf3 d5 3. e3 Bg4 4. Nbd2 e6 5. Be2 Nbd7 6. O-O Bd6 7. Re1 O-O 8.
c4 c6 9. b3 e5 10. dxe5 Nxe5 11. Bb2 Nxf3+ 12. Nxf3 dxc4 13. Bxc4 Qe7 14. Be2
Rad8 15. Qc2 h6 16. Rad1 Bb4 17. Rxd8 Rxd8 18. Rd1 Rxd1+ 19. Qxd1 Bd6 20. Qd4
b6 21. h3 Bd7 22. Qh4 Ne8 23. Qxe7 Bxe7 24. Be5 Bd6 25. Kf1 Kf8 26. Bxd6+ Nxd6
27. Ne5 Be8 28. Ke1 f6 29. Nd3 Ke7 30. Kd2 Ne4+ 31. Kc2 Kd6 32. f3 Ng3 33. Kd2
a5 34. Nc1 Bf7 35. Bd3 Kc5 36. a3 b5 37. Kc2 Be6 38. Na2 Nf5 39. b4+ Kb6 40.
Bxf5 Bxf5+ 41. Kd2 Be6 42. Nc3 c5 43. bxc5+ Kxc5 44. Ne4+ Kd5 45. Kc3 Bf5 46.
Nd2 Kc6 47. Nb3 Kb6 48. h4 h5 49. g3 Be6 50. Nd4 Bg8 51. f4 Kc5 52. Nf5 b4+ 53.
axb4+ axb4+ 54. Kb2 g6 55. Nd4 Kc4 56. Nc2 Kd3 57. Nxb4+ Kxe3 58. Nc6 Kf3 59.
Kc2 Kxg3 60. Ne7 Bf7 1/2-1/2

[Event "13sen.WMH 2003 Senioren"]
[Site "Bad Zwischenahn(17.11.-29.11.2003)"]
[Date "2003.11.29"]
[Round "11.100"]
[White "Erbs, Wolfgang"]
[Black "Weller, Friedhelm"]
[Result "0-1"]
[WhiteElo "1727"]
[BlackElo "1704"]
[PlyCount "101"]


1. e4 e5 2. Nf3 d6 3. d4 Nd7 4. Bc4 c6 5. Nc3 Be7 6. O-O Ngf6 7. Qe2 O-O 8. Rd1
Qc7 9. d5 a5 10. a4 Nc5 11. Bg5 Bg4 12. Bxf6 Bxf6 13. Qd3 Bxf3 14. Qxf3 Qe7 15.
Bf1 g6 16. Ne2 Rac8 17. c3 Nd7 18. g3 Rc7 19. b4 b6 20. Nc1 Rfc8 21. Ne2 axb4
22. cxb4 c5 23. bxc5 Rxc5 24. Rdc1 Rxc1 25. Rxc1 Nc5 26. Qc3 Ra8 27. Ra1 Qd7
28. f3 Rxa4 29. Rxa4 Qxa4 30. Qb2 b5 31. Kg2 b4 32. Nc1 Bd8 33. Qa2 Qxa2+ 34.
Nxa2 b3 35. Nc3 Ba5 36. Nb1 Bb4 37. Kf2 f5 38. Ke3 Kf7 39. Bd3 Kf6 40. Nd2
Bxd2+ 41. Kxd2 g5 42. Bb1 g4 43. exf5 gxf3 44. g4 e4 45. h4 h6 46. Ke3 b2 47.
Kd2 f2 48. Ke2 Nd3 49. Kf1 Ke5 50. Ke2 Kxd5 51. g5 0-1

[Event "13sen.WMH 2003 Senioren"]
[Site "Bad Zwischenahn(17.11.-29.11.2003)"]
[Date "2003.11.29"]
[Round "11.101"]
[White "Mueller, Helmut[30Lüneb]"]
[Black "Kudoke, Willy"]
[Result "0-1"]
[WhiteElo "1694"]
[BlackElo "1847"]
[PlyCount "38"]


1. e4 c5 2. f4 Nc6 3. Nf3 d6 4. Nc3 g6 5. Bc4 Bg7 6. d3 e6 7. O-O Nge7 8. a3
O-O 9. Be3 d5 10. exd5 exd5 11. Nxd5 Nxd5 12. Bxc5 Re8 13. c3 Nxf4 14. Ng5 Qxg5
15. Qf3 Bh6 16. Bd6 Ne5 17. Bxe5 Rxe5 18. d4 Re3 19. Bxf7+ Kg7 0-1

[Event "13sen.WMH 2003 Senioren"]
[Site "Bad Zwischenahn(17.11.-29.11.2003)"]
[Date "2003.11.29"]
[Round "11.102"]
[White "Dirksen, Arno"]
[Black "Feldmann, Klaus[39Varel]"]
[Result "1-0"]
[WhiteElo "1678"]
[BlackElo "1829"]
[PlyCount "63"]


1. e4 d6 2. Bc4 Nf6 3. Nc3 c6 4. Bb3 e5 5. f4 Bg4 6. Nf3 exf4 7. O-O Nbd7 8. d4
Be7 9. Bxf4 O-O 10. Qd3 Qa5 11. Bd2 Qb6 12. Ne2 d5 13. exd5 cxd5 14. Kh1 Bd6
15. Nf4 Qc6 16. Rae1 Nb6 17. Ne5 Qc7 18. Bxd5 Bxe5 19. Bxf7+ Rxf7 20. Rxe5 Rd8
21. Rfe1 Qd7 22. c3 Re8 23. h3 Ref8 24. hxg4 Nxg4 25. Qg3 Nxe5 26. Rxe5 Nc4 27.
Rd5 Qe7 28. Bc1 Qe4 29. Rg5 Rxf4 30. Bxf4 Qxf4 31. Rxg7+ Kh8 32. Rg8+ 1-0

[Event "13sen.WMH 2003 Senioren"]
[Site "Bad Zwischenahn(17.11.-29.11.2003)"]
[Date "2003.11.29"]
[Round "11.103"]
[White "Wolffram, Gert"]
[Black "Miessner, Rolf"]
[Result "1/2-1/2"]
[WhiteElo "1794"]
[BlackElo "1616"]
[PlyCount "29"]


1. d4 Nf6 2. Nf3 d5 3. e3 c6 4. Bd3 Bg4 5. Nbd2 Nbd7 6. O-O e6 7. c3 Be7 8. Qc2
Bh5 9. h3 Bg6 10. Re1 O-O 11. e4 dxe4 12. Nxe4 Nxe4 13. Bxe4 Bxe4 14. Rxe4 Nf6
15. Re2 1/2-1/2

[Event "13sen.WMH 2003 Senioren"]
[Site "Bad Zwischenahn(17.11.-29.11.2003)"]
[Date "2003.11.29"]
[Round "11.104"]
[White "Spindler, Egbert"]
[Black "Ollek, Karl-Heinz"]
[Result "1/2-1/2"]
[WhiteElo "1771"]
[BlackElo "1606"]
[PlyCount "31"]


1. d4 Nf6 2. Nf3 g6 3. Nc3 Bg7 4. Bg5 O-O 5. Qd2 d6 6. O-O-O Nbd7 7. e4 Nb6 8.
Be2 Ng4 9. Rhf1 f6 10. Be3 d5 11. exd5 Nxe3 12. Qxe3 Kh8 13. h3 Nxd5 14. Nxd5
Qxd5 15. Qb3 Qxb3 16. axb3 1/2-1/2